The Eugene O'Neill Review

محفوظ في:

التنسيق: دورية

اللغة: Undetermined

منشور في: JSTOR
Penn State University Press

الموضوعات:

الوصول للمادة أونلاين: Login to view Source

الوسوم: إضافة وسم

لا توجد وسوم, كن أول من يضع وسما على هذه التسجيلة!

رقم الطلب:

LEADER 00579nas a2200193Ia 4500
008 220214c99999999xx |||||||||||| ||und||
022 |a 1040-9483 
022 |a 2161-4318 
245 0 4 |a The Eugene O'Neill Review 
264 1 |b JSTOR 
264 1 |b Penn State University Press 
362 0 |a Vol. 13(1989)-38 (2017) 
653 1 0 |a Humanities 
653 1 0 |a Language & Literature 
653 1 0 |a Performing Arts 
856 4 0 |u https://www.jstor.org/journal/eugeoneirevi 
942 |c JL 
952 |0 0  |1 0  |4 0  |7 1  |9 34901  |a JSR  |b JSR  |d 2022-02-14  |l 0  |r 2022-02-14 00:00:00  |w 2022-02-14  |y JL 
999 |c 43234  |d 43234